000 00378pab a2200145 454500
008 180718b2005 xxu||||| |||| 00| 0 eng d
100 _aKaithara, Verghese
245 _aIndia-US defence cooperation: expectations and prospects
260 _c2005
300 _ap.3585-589.
362 _a6 Aug
650 _aDefence
773 _aEconomic and Political Weekly
909 _a66488
999 _c66488
_d66488